| 000 -ლიდერი |
| ფიქსირებული სიგრძის საკონტროლო ველი |
01544nam a22002537a 4500 |
| 003 - საკონტროლო ნომრის იდენტიფიკატორი |
| საკონტროლო ველი |
Ge_BSU |
| 005 - ბოლო ოპერაციის თარიღი და დრო |
| საკონტროლო ველი |
20241023095919.0 |
| 008 - ფიქსირებული სიგრძის მონაცემთა ელემენტები - ზოგადი ინფორმაცია |
| ფიქსირებული სიგრძის საკონტროლო ველი |
241022s2024 ge ||||| |||| 00| 0 geo d |
| 020 ## - წიგნის საერთაშორისო სტანდარტული ნომერი |
| International Standard Book Number |
9789941335563 |
| 041 ## - ენის კოდი |
| Language code of text/sound track or separate title |
geo |
| 080 ## - უნივერსალური ათობითი კლასიფიკაციის ინდექსი |
| Universal Decimal Classification number |
94(47+57):321.64(47+57) მ-42 |
| 100 ## - მთავარი ჩანაწერი - პიროვნების სახელი |
| Personal name |
მაცაბერიძე, მალხაზ, |
| Relator term |
ავტორი. |
| 9 (RLIN) |
23485 |
| 245 ## - ცნობა სათაურის შესახებ |
| Title |
საქართველოს პოლიტიკური სისტემა : პოსტსაბჭოთა ტრანსფორმაცია |
| Remainder of title |
[მონოგრაფია] / |
| Statement of responsibility, etc |
მალხაზ მაცაბერიძე; სამეცნიერო რედაქტორი სტივენ ჯონსი |
| 264 ## - წარმოების, გამოცემის, დისტრიბუციის და სხვა ცნობები |
| გამოცემის, წარმოების, დისტრიბუციის... ადგილი |
თბილისი : |
| გამოცემის, წარმოების, დისტრიბუციის... სახელწოდება |
უნივერსალი, |
| გამოცემის, წარმოების, დისტრიბუციის... თარიღი |
2023. |
| 300 ## - ფიზიკური აღწერა |
| Extent |
438 გვ. : |
| Other physical details |
ილ. ; |
| Dimensions |
29 სმ. |
| 504 ## - BIBLIOGRAPHY, ETC. NOTE |
| Bibliography, etc |
ბიბლიოგრაფია ტექსტის შენიშვნებში |
| 653 ## - INDEX TERM--UNCONTROLLED |
| Uncontrolled term |
ისტორია. |
| 653 ## - INDEX TERM--UNCONTROLLED |
| Uncontrolled term |
პოსტსაბჭოთა ტრანსფორმაცია |
| 653 ## - INDEX TERM--UNCONTROLLED |
| Uncontrolled term |
პოლიტიკა |
| 700 ## - ADDED ENTRY--PERSONAL NAME |
| Personal name |
ჯონსი, სტივენ |
| Relator term |
სამეცნიერო რედაქტორი |
| 9 (RLIN) |
23486 |
| 710 ## - ADDED ENTRY--CORPORATE NAME |
| Corporate name or jurisdiction name as entry element |
მონოგრაფია გამოიცა შოთა რუსთაველის ეროვნული სამეცნიერო ფონდის მხარდაჭერით |
| 9 (RLIN) |
23487 |
| 773 ## - HOST ITEM ENTRY |
| Title |
ნაჩუქარი |
| 942 ## - ADDED ENTRY ELEMENTS (KOHA) |
| Source of classification or shelving scheme |
|
| Koha item type |
წიგნი |